TV Show by Picture (Still) - Statistics

General Stats
  • This quiz has been taken 122 times
  • The average score is 8 of 12
Answer Stats
Picture Answer % Correct
Friends
97%
Family Guy
84%
Grey's Anatomy
78%
Breaking Bad
75%
Sherlock
66%
Cheers
62%
Gilmore Girls
62%
Peaky Blinders
61%
American Idol
59%
It's Always Sunny in Philadelphia
54%
M*A*S*H
54%
Everybody Loves Raymond
51%
No matching quizzes found
Score Distribution
Percent of People with Each Score
Percentile by Number Answered
Your Score History
You have not taken this quiz